000 00569nam a2200193Ia 4500
008 151121s9999||||xx |||||||||||||| ||und||
082 _a330/SAT
082 _bHNW-8739
100 _aSatyanarayana M।
245 _aBusiness Organization & Management Vol-I & II
260 _b"Vora & Co Pub। Pvt। Ltd।, Bombay"
260 _c--
300 _a412
600 _aSatyanarayana M।
630 _aBusiness Organization & Management Vol-I & II
700 _aSatyanarayana M।
730 _aBusiness Organization & Management Vol-I & II
942 _cBOOK
999 _c1214935
_d1214932